000 00589nam a2200157Ia 4500
008 230907s9999||||xx |||||||||||||| ||und||
082 _a621.312
_bMAH
100 _aMahmood Jamil (NUST2013-61514-MCES-64113-F)
_9116320
245 0 _aDevelopment of solution processed photo-anode based on graphene-Nb2O5 nanocomposite and RF sputtered Si nanoparticles for dye-sensitized solar cells (DSSCs) /
260 _aUSPCAS-E, NUST,
_bIslamabad :
_c2016
300 _axii, 119 p. :
520 _aTH-41
650 _aMS-ESE Thesis MS Thesis
700 _aDr Zuhair Subhani Khan
942 _cTHE
_2ddc
999 _c601720
_d601720